| 000 | 00442nam a22001217a 4500 | ||
|---|---|---|---|
| 999 |
_c21658 _d21658 |
||
| 008 | 240916b ||||| |||| 00| 0 eng d | ||
| 100 |
_aMiguel, Joel T. _eauthor. _961093 |
||
| 245 |
_aKahirapan... : _bano nga ba ang solusyon? / _cJoel T. Miguel. |
||
| 260 |
_aPhilippines; _bPublishers Association of the Philippines, Inc., _cJanuary 2018. |
||
| 300 | _aVolume 66, pages 312. | ||
| 700 |
_aMiguel, Joel T. _eauthor. _961093 |
||
| 942 |
_2ddc _cPER |
||